| 000 | 00697nam a22002297a 4500 | ||
|---|---|---|---|
| 999 |
_c18704 _d18704 |
||
| 003 | AR-CdUCM | ||
| 008 | 190515b ||||| |||| 00| 0 spa d | ||
| 040 |
_aMUNICIPALIDAD PROVINCIAL DEL CUSCO _cBIBLIOTECA MUNICIPAL DEL CUSCO |
||
| 082 |
_a869.56 / _bS18 |
||
| 100 |
_aSamaniego, Antenor _91771 |
||
| 245 |
_aPoesía peruana contemporánea : _bEl paisaje y el hombre / |
||
| 260 |
_aLima : _bEdit. Arica, |
||
| 300 |
_a254 paginas ; _c22 cm. |
||
| 505 | _aContenido :Poesías / | ||
| 650 |
_aLiteratura peruana _9169 |
||
| 650 |
_aPoesías _92272 |
||
| 650 |
_aEnsayos _9375 |
||
| 650 |
_aConferencias _9376 |
||
| 650 |
_aSigloXX _92896 |
||
| 942 |
_2ddc _cLIBROS |
||
| 945 |
_arjall _d2019-05-15 |
||